Speed colors - Statistics

General Stats
  • This quiz has been taken 15 times
  • The average score is 11 of 12
Answer Stats
Picture Answer % Correct
blue
100%
gold
100%
orange
100%
purple
100%
red
100%
yellow
100%
black
93%
brown
93%
pink
87%
white
87%
beige
60%
copper
40%
No matching quizzes found
Score Distribution
Percent of People with Each Score
Percentile by Number Answered
Your Score History
You have not taken this quiz